000 00748nam a2200205Ii 4500
003 JO-AjNU
008 230605s9999||||xx |||||||||||||| ||und||
040 _aJO-AjNU
_bara
_erda
_cJO-AjNU
041 _aara
050 1 4 _aDS154.9.A6.G4296 1984
100 3 _aتاليف غوانمة، يوسف حسن درويش,
_eauthor
_920675
245 0 0 _aأيلة(العقبة) والبحر الأحمر واهميتهما التاريخية والاستراتيجية
250 _aط1
264 3 1 _aاربد: دار هشام للنشر والتوزيع، 1984
300 _a190ص
336 _atext
_btxt
_2rdacontent
337 _aunmediated
_bn
_2rdamedia
338 _avolume
_bnc
_2rdacarrier
650 4 _aالاردن-تاريخ -العقبة
_920676
999 _aA7050
_c10618
_d10618